[Event "DEM U12w 2023"]
[Site "Willingen GER"]
[Date "2023.05.29"]
[Round "3"]
[White "Margaryan, Mari"]
[Black "Rutschmann, Polly"]
[Result "0-1"]
[Termination "normal"]
[Board "19"]
[WhiteElo "949"]
[BlackElo "1023"]
[WhiteClock "00:37:08"]
[BlackClock "00:32:00"]
[PlyCount "184"]
[WhiteFideId "16279700"]
[BlackFideId "34621261"]
[EventCountry "GER"]
[EventRounds "9"]
[EventType "swiss"]
[EventDate "2023.05.27"]

1. d4 {[%clk 01:30:57]} {[%emt 00:00:01]} d5 {[%clk 01:30:48]} {[%emt
00:00:12]} 2. c4 {[%clk 01:31:23]} {[%emt 00:00:05]} e6 {[%clk 01:30:56]}
{[%emt 00:00:21]} 3. Nc3 {[%clk 01:31:49]} {[%emt 00:00:05]} c6 {[%clk
01:31:01]} {[%emt 00:00:24]} 4. cxd5 {[%clk 01:32:14]} {[%emt 00:00:07]} cxd5
{[%clk 01:30:11]} {[%emt 00:01:19]} 5. Nf3 {[%clk 01:32:19]} {[%emt 00:00:25]}
Nf6 {[%clk 01:29:42]} {[%emt 00:00:58]} 6. Bg5 {[%clk 01:32:19]} {[%emt
00:00:32]} Be7 {[%clk 01:29:11]} {[%emt 00:01:00]} 7. e3 {[%clk 01:32:32]}
{[%emt 00:00:18]} O-O {[%clk 01:28:53]} {[%emt 00:00:47]} 8. Bd3 {[%clk
01:32:49]} {[%emt 00:00:15]} Nbd7 {[%clk 01:27:39]} {[%emt 00:01:43]} 9. Qc2
{[%clk 01:32:31]} {[%emt 00:00:48]} a6 {[%clk 01:23:43]} {[%emt 00:04:25]} 10.
O-O {[%clk 01:32:49]} {[%emt 00:00:12]} b5 {[%clk 01:16:26]} {[%emt 00:07:47]}
11. Rfb1 {[%clk 01:32:21]} {[%emt 00:00:58]} Bb7 {[%clk 01:14:05]} {[%emt
00:02:52]} 12. a4 {[%clk 01:28:32]} {[%emt 00:04:19]} b4 {[%clk 01:10:53]}
{[%emt 00:03:41]} 13. Na2 {[%clk 01:27:12]} {[%emt 00:01:50]} Qb6 {[%clk
01:09:00]} {[%emt 00:02:21]} 14. Qb3 {[%clk 01:24:28]} {[%emt 00:03:15]} a5
{[%clk 00:57:54]} {[%emt 00:11:36]} 15. Bb5 {[%clk 01:23:24]} {[%emt 00:01:33]}
Bc6 {[%clk 00:55:24]} {[%emt 00:03:02]} 16. Bxc6 {[%clk 01:22:42]} {[%emt
00:01:12]} Qxc6 {[%clk 00:55:26]} {[%emt 00:00:27]} 17. Rc1 {[%clk 01:21:42]}
{[%emt 00:01:30]} Qb6 {[%clk 00:54:50]} {[%emt 00:01:05]} 18. Ne5 {[%clk
01:19:55]} {[%emt 00:02:14]} Rfe8 {[%clk 00:54:17]} {[%emt 00:01:06]} 19. Bxf6
{[%clk 01:18:07]} {[%emt 00:02:20]} Nxf6 {[%clk 00:50:33]} {[%emt 00:04:13]}
20. Rc6 {[%clk 01:17:25]} {[%emt 00:01:08]} Qb7 {[%clk 00:46:11]} {[%emt
00:04:51]} 21. Rac1 {[%clk 01:16:47]} {[%emt 00:01:12]} Rac8 {[%clk 00:46:10]}
{[%emt 00:00:31]} 22. Qc2 {[%clk 01:15:03]} {[%emt 00:02:16]} Rxc6 {[%clk
00:44:41]} {[%emt 00:01:58]} 23. Qxc6 {[%clk 01:14:09]} {[%emt 00:01:24]} Qxc6
{[%clk 00:44:46]} {[%emt 00:00:25]} 24. Nxc6 {[%clk 01:14:16]} {[%emt
00:00:23]} Kf8 {[%clk 00:44:24]} {[%emt 00:00:52]} 25. Nxa5 {[%clk 01:14:18]}
{[%emt 00:00:29]} Ra8 {[%clk 00:44:11]} {[%emt 00:00:40]} 26. Nc6 {[%clk
01:08:14]} {[%emt 00:06:36]} Rxa4 {[%clk 00:44:13]} {[%emt 00:00:28]} 27. Nxe7
{[%clk 01:03:52]} {[%emt 00:04:53]} Kxe7 {[%clk 00:42:55]} {[%emt 00:01:46]}
28. Nxb4 {[%clk 01:02:37]} {[%emt 00:01:45]} Rxb4 {[%clk 00:43:03]} {[%emt
00:00:22]} 29. Rc7+ {[%clk 01:01:59]} {[%emt 00:01:08]} Nd7 {[%clk 00:41:00]}
{[%emt 00:02:33]} 30. g3 {[%clk 01:01:51]} {[%emt 00:00:38]} Rxb2 {[%clk
00:41:04]} {[%emt 00:00:27]} 31. Rc6 {[%clk 01:00:00]} {[%emt 00:02:20]} Kf6
{[%clk 00:37:58]} {[%emt 00:03:35]} 32. Rc7 {[%clk 00:59:03]} {[%emt 00:01:26]}
Nb6 {[%clk 00:37:50]} {[%emt 00:00:41]} 33. Rb7 {[%clk 00:58:43]} {[%emt
00:00:50]} Nc4 {[%clk 00:36:19]} {[%emt 00:02:00]} 34. Rc7 {[%clk 00:56:26]}
{[%emt 00:02:48]} Rb1+ {[%clk 00:36:20]} {[%emt 00:00:28]} 35. Kg2 {[%clk
00:56:46]} {[%emt 00:00:10]} Rb2 {[%clk 00:36:33]} {[%emt 00:00:17]} 36. Kg1
{[%clk 00:56:36]} {[%emt 00:00:40]} Kg6 {[%clk 00:35:52]} {[%emt 00:01:09]} 37.
Kg2 {[%clk 00:55:39]} {[%emt 00:01:29]} Nxe3+ {[%clk 00:35:33]} {[%emt
00:00:49]} 38. Kf3 {[%clk 00:55:33]} {[%emt 00:00:34]} Nc4 {[%clk 00:35:25]}
{[%emt 00:00:40]} 39. h4 {[%clk 00:54:31]} {[%emt 00:01:33]} e5 {[%clk
00:35:24]} {[%emt 00:00:31]} 40. dxe5 {[%clk 00:54:07]} {[%emt 00:00:53]} Nxe5+
{[%clk 00:34:38]} {[%emt 00:01:16]} 41. Ke3 {[%clk 00:53:27]} {[%emt 00:01:10]}
Rb4 {[%clk 00:33:55]} {[%emt 00:01:12]} 42. Re7 {[%clk 00:52:37]} {[%emt
00:01:22]} d4+ {[%clk 00:33:50]} {[%emt 00:00:35]} 43. Ke4 {[%clk 00:49:34]}
{[%emt 00:03:28]} d3+ {[%clk 00:33:42]} {[%emt 00:00:43]} 44. Kxe5 {[%clk
00:49:05]} {[%emt 00:00:58]} d2 {[%clk 00:33:49]} {[%emt 00:00:23]} 45. Rd7
{[%clk 00:49:18]} {[%emt 00:00:18]} Rb2 {[%clk 00:34:05]} {[%emt 00:00:14]} 46.
Rd6+ {[%clk 00:49:03]} {[%emt 00:00:45]} Kh5 {[%clk 00:34:13]} {[%emt
00:00:22]} 47. Kf4 {[%clk 00:48:40]} {[%emt 00:00:53]} d1=Q {[%clk 00:33:15]}
{[%emt 00:01:28]} 48. Rxd1 {[%clk 00:47:36]} {[%emt 00:01:33]} Rxf2+ {[%clk
00:33:34]} {[%emt 00:00:10]} 49. Ke3 {[%clk 00:47:45]} {[%emt 00:00:22]} Rg2
{[%clk 00:32:58]} {[%emt 00:01:06]} 50. Kf3 {[%clk 00:47:56]} {[%emt 00:00:16]}
Ra2 {[%clk 00:32:57]} {[%emt 00:00:34]} 51. Rd5+ {[%clk 00:47:22]} {[%emt
00:01:04]} Kg6 {[%clk 00:32:20]} {[%emt 00:01:07]} 52. g4 {[%clk 00:46:30]}
{[%emt 00:01:22]} Ra3+ {[%clk 00:31:40]} {[%emt 00:01:09]} 53. Ke2 {[%clk
00:45:53]} {[%emt 00:01:09]} Kf6 {[%clk 00:31:04]} {[%emt 00:01:05]} 54. Rf5+
{[%clk 00:44:24]} {[%emt 00:01:59]} Ke6 {[%clk 00:30:58]} {[%emt 00:00:35]} 55.
Rf4 {[%clk 00:44:10]} {[%emt 00:00:45]} Ra5 {[%clk 00:28:35]} {[%emt 00:02:52]}
56. Ke3 {[%clk 00:43:34]} {[%emt 00:01:06]} Re5+ {[%clk 00:28:34]} {[%emt
00:00:32]} 57. Kf3 {[%clk 00:42:20]} {[%emt 00:01:44]} g5 {[%clk 00:27:48]}
{[%emt 00:01:15]} 58. hxg5 {[%clk 00:42:19]} {[%emt 00:00:32]} Rxg5 {[%clk
00:28:06]} {[%emt 00:00:12]} 59. Re4+ {[%clk 00:42:31]} {[%emt 00:00:18]} Kf6
{[%clk 00:28:01]} {[%emt 00:00:35]} 60. Rf4+ {[%clk 00:41:36]} {[%emt
00:01:24]} Kg6 {[%clk 00:27:54]} {[%emt 00:00:38]} 61. Kg3 {[%clk 00:41:09]}
{[%emt 00:00:57]} h5 {[%clk 00:28:07]} {[%emt 00:00:16]} 62. Kh4 {[%clk
00:36:28]} {[%emt 00:08:38]} hxg4 {[%clk 00:29:22]} {[%emt 00:01:29]} 63. Rxg4
{[%clk 00:36:24]} {[%emt 00:00:34]} Rxg4+ {[%clk 00:29:40]} {[%emt 00:00:11]}
64. Kxg4 {[%clk 00:36:52]} {[%emt 00:00:02]} f5+ {[%clk 00:29:40]} {[%emt
00:00:29]} 65. Kf4 {[%clk 00:37:10]} {[%emt 00:00:13]} Kf6 {[%clk 00:29:52]}
{[%emt 00:00:18]} 66. Ke3 {[%clk 00:37:13]} {[%emt 00:00:27]} Ke5 {[%clk
00:29:50]} {[%emt 00:00:31]} 67. Kf3 {[%clk 00:37:26]} {[%emt 00:00:17]} f4
{[%clk 00:29:36]} {[%emt 00:00:45]} 68. Kf2 {[%clk 00:37:27]} {[%emt 00:00:31]}
Ke4 {[%clk 00:29:43]} {[%emt 00:00:21]} 69. Kg2 {[%clk 00:37:11]} {[%emt
00:00:46]} Ke3 {[%clk 00:29:42]} {[%emt 00:00:30]} 70. Kf1 {[%clk 00:36:05]}
{[%emt 00:01:37]} Kf3 {[%clk 00:28:08]} {[%emt 00:02:04]} 71. Ke1 {[%clk
00:36:05]} {[%emt 00:00:30]} Kg2 {[%clk 00:28:05]} {[%emt 00:00:32]} 72. Kd2
{[%clk 00:35:54]} {[%emt 00:00:42]} f3 {[%clk 00:28:15]} {[%emt 00:00:20]} 73.
Kd3 {[%clk 00:30:41]} {[%emt 00:05:40]} f2 {[%clk 00:27:45]} {[%emt 00:01:02]}
74. Kd4 {[%clk 00:31:03]} {[%emt 00:00:09]} f1=Q {[%emt 00:00:14]} 75. Ke5
{[%emt 00:00:09]} Kg3 {[%clk 00:27:36]} {[%emt 00:00:15]} 76. Ke6 {[%clk
00:31:17]} {[%emt 00:00:16]} Kg4 {[%clk 00:27:56]} {[%emt 00:00:10]} 77. Ke7
{[%clk 00:31:39]} {[%emt 00:00:09]} Kg5 {[%clk 00:28:19]} {[%emt 00:00:06]} 78.
Ke8 {[%clk 00:32:05]} {[%emt 00:00:04]} Kg6 {[%clk 00:28:37]} {[%emt 00:00:11]}
79. Ke7 {[%clk 00:32:28]} {[%emt 00:00:07]} Qf2 {[%clk 00:28:53]} {[%emt
00:00:14]} 80. Ke8 {[%clk 00:32:47]} {[%emt 00:00:11]} Kg7 {[%clk 00:29:03]}
{[%emt 00:00:14]} 81. Ke7 {[%clk 00:33:08]} {[%emt 00:00:16]} Qe2+ {[%clk
00:29:23]} {[%emt 00:00:09]} 82. Kd6 {[%clk 00:33:28]} {[%emt 00:00:10]} Kf6
{[%clk 00:29:31]} {[%emt 00:00:22]} 83. Kd5 {[%clk 00:33:46]} {[%emt 00:00:11]}
Qe3 {[%clk 00:29:41]} {[%emt 00:00:22]} 84. Kd6 {[%clk 00:34:12]} {[%emt
00:00:04]} Qd3+ {[%clk 00:30:04]} {[%emt 00:00:07]} 85. Kc7 {[%clk 00:34:37]}
{[%emt 00:00:05]} Ke6 {[%clk 00:30:24]} {[%emt 00:00:09]} 86. Kc8 {[%clk
00:34:58]} {[%emt 00:00:10]} Ke7 {[%clk 00:30:47]} {[%emt 00:00:07]} 87. Kc7
{[%clk 00:35:25]} {[%emt 00:00:04]} Qc3+ {[%clk 00:31:09]} {[%emt 00:00:07]}
88. Kb8 {[%clk 00:35:48]} {[%emt 00:00:06]} Kd7 {[%clk 00:31:30]} {[%emt
00:00:08]} 89. Kb7 {[%emt 00:00:43]} Qb3+ {[%clk 00:31:31]} {[%emt 00:00:11]}
90. Ka6 {[%clk 00:36:17]} {[%emt 00:00:08]} Kc7 {[%clk 00:31:49]} {[%emt
00:00:11]} 91. Ka5 {[%clk 00:36:43]} {[%emt 00:00:05]} Kc6 {[%clk 00:32:11]}
{[%emt 00:00:07]} 92. Ka6 {[%clk 00:37:08]} {[%emt 00:00:05]} Qb6# {[%clk
00:32:00]} {[%emt 00:00:09]} *

[Event "DEM U12w 2023"]
[Site "Willingen GER"]
[Date "2023.05.29"]
[Round "3"]
[White "Baus, Louise Marie"]
[Black "Eitel, Liz"]
[Result "0-1"]
[Termination "normal"]
[Board "21"]
[WhiteElo "759"]
[BlackElo "971"]
[WhiteClock "01:16:04"]
[BlackClock "01:19:16"]
[PlyCount "104"]
[WhiteFideId "34660291"]
[BlackFideId "34622195"]
[EventCountry "GER"]
[EventRounds "9"]
[EventType "swiss"]
[EventDate "2023.05.27"]

1. d4 {[%clk 01:30:59]} {[%emt 00:00:01]} d5 {[%clk 01:30:55]} {[%emt
00:00:06]} 2. Nc3 {[%clk 01:31:14]} {[%emt 00:00:15]} Nf6 {[%clk 01:30:52]}
{[%emt 00:00:33]} 3. Nf3 {[%clk 01:31:34]} {[%emt 00:00:09]} Nc6 {[%clk
01:30:36]} {[%emt 00:00:47]} 4. Bg5 {[%clk 01:31:27]} {[%emt 00:00:36]} Bf5
{[%clk 01:30:19]} {[%emt 00:00:46]} 5. Ne5 {[%clk 01:31:01]} {[%emt 00:00:57]}
Nxe5 {[%clk 01:30:20]} {[%emt 00:00:29]} 6. dxe5 {[%clk 01:31:21]} {[%emt
00:00:09]} Ne4 {[%clk 01:30:35]} {[%emt 00:00:17]} 7. Nxd5 {[%clk 01:31:04]}
{[%emt 00:00:46]} Nxg5 {[%clk 01:30:37]} {[%emt 00:00:28]} 8. Ne3 {[%clk
01:29:34]} {[%emt 00:02:01]} Bd7 {[%clk 01:29:56]} {[%emt 00:01:10]} 9. Nc4
{[%clk 01:27:51]} {[%emt 00:02:13]} e6 {[%clk 01:28:36]} {[%emt 00:01:51]} 10.
e3 {[%clk 01:27:34]} {[%emt 00:00:46]} Be7 {[%clk 01:27:19]} {[%emt 00:01:44]}
11. Bd3 {[%clk 01:27:28]} {[%emt 00:00:38]} f6 {[%clk 01:27:38]} {[%emt
00:00:12]} 12. f4 {[%clk 01:27:22]} {[%emt 00:00:36]} Nf7 {[%clk 01:27:58]}
{[%emt 00:00:11]} 13. Be4 {[%clk 01:26:38]} {[%emt 00:01:14]} Rb8 {[%clk
01:25:38]} {[%emt 00:02:50]} 14. Na5 {[%clk 01:25:08]} {[%emt 00:02:00]} Bb4+
{[%clk 01:23:49]} {[%emt 00:02:20]} 15. c3 {[%clk 01:24:44]} {[%emt 00:00:53]}
Bxa5 {[%clk 01:24:10]} {[%emt 00:00:09]} 16. b4 {[%clk 01:23:34]} {[%emt
00:01:40]} Bb6 {[%clk 01:23:00]} {[%emt 00:01:40]} 17. Qd3 {[%clk 01:23:13]}
{[%emt 00:00:50]} f5 {[%clk 01:23:05]} {[%emt 00:00:25]} 18. Bf3 {[%clk
01:23:20]} {[%emt 00:00:23]} a6 {[%clk 01:23:16]} {[%emt 00:00:21]} 19. g3
{[%clk 01:20:45]} {[%emt 00:03:04]} Bb5 {[%clk 01:21:09]} {[%emt 00:02:37]} 20.
Qxd8+ {[%clk 01:19:48]} {[%emt 00:01:27]} Rxd8 {[%clk 01:18:52]} {[%emt
00:02:47]} 21. e4 {[%clk 01:18:55]} {[%emt 00:01:23]} fxe4 {[%clk 01:19:14]}
{[%emt 00:00:07]} 22. Bxe4 {[%clk 01:19:17]} {[%emt 00:00:08]} Bc6 {[%clk
01:19:40]} {[%emt 00:00:05]} 23. Bxc6+ {[%clk 01:18:08]} {[%emt 00:01:38]} bxc6
{[%clk 01:20:03]} {[%emt 00:00:08]} 24. Rd1 {[%clk 01:17:26]} {[%emt 00:01:12]}
Rxd1+ {[%clk 01:20:23]} {[%emt 00:00:10]} 25. Kxd1 {[%clk 01:17:37]} {[%emt
00:00:18]} O-O {[%clk 01:20:47]} {[%emt 00:00:07]} 26. Rf1 {[%clk 01:17:36]}
{[%emt 00:00:31]} Rd8+ {[%clk 01:21:06]} {[%emt 00:00:12]} 27. Ke2 {[%clk
01:17:52]} {[%emt 00:00:13]} Rf8 {[%clk 01:20:15]} {[%emt 00:01:23]} 28. a4
{[%clk 01:17:06]} {[%emt 00:01:15]} a5 {[%clk 01:20:20]} {[%emt 00:00:25]} 29.
b5 {[%clk 01:16:33]} {[%emt 00:01:03]} cxb5 {[%clk 01:20:43]} {[%emt 00:00:08]}
30. axb5 {[%clk 01:16:52]} {[%emt 00:00:10]} g5 {[%clk 01:20:49]} {[%emt
00:00:23]} 31. h4 {[%clk 01:16:57]} {[%emt 00:00:26]} h6 {[%clk 01:20:48]}
{[%emt 00:00:30]} 32. hxg5 {[%clk 01:15:41]} {[%emt 00:01:46]} hxg5 {[%clk
01:21:04]} {[%emt 00:00:14]} 33. g4 {[%clk 01:14:49]} {[%emt 00:01:22]} Nxe5
{[%clk 01:18:47]} {[%emt 00:02:47]} 34. f5 {[%clk 01:14:37]} {[%emt 00:00:42]}
Nxg4 {[%clk 01:18:41]} {[%emt 00:00:37]} 35. Kd3 {[%clk 01:12:57]} {[%emt
00:02:10]} exf5 {[%clk 01:18:52]} {[%emt 00:00:19]} 36. c4 {[%clk 01:12:57]}
{[%emt 00:00:29]} f4 {[%clk 01:18:09]} {[%emt 00:01:11]} 37. Ke2 {[%clk
01:12:56]} {[%emt 00:00:33]} Nh2 {[%clk 01:18:04]} {[%emt 00:00:35]} 38. Rh1
{[%clk 01:12:54]} {[%emt 00:00:32]} f3+ {[%clk 01:17:57]} {[%emt 00:00:37]} 39.
Ke1 {[%clk 01:12:46]} {[%emt 00:00:38]} f2+ {[%clk 01:18:06]} {[%emt 00:00:21]}
40. Ke2 {[%clk 01:12:46]} {[%emt 00:00:30]} f1=Q+ {[%clk 01:18:14]} {[%emt
00:00:22]} 41. Rxf1 {[%clk 01:13:00]} {[%emt 00:00:15]} Rxf1 {[%clk 01:18:22]}
{[%emt 00:00:23]} 42. Kd3 {[%clk 01:13:18]} {[%emt 00:00:12]} Re1 {[%clk
01:18:09]} {[%emt 00:00:44]} 43. Kd2 {[%clk 01:13:28]} {[%emt 00:00:20]} Re8
{[%clk 01:18:24]} {[%emt 00:00:15]} 44. Kc3 {[%clk 01:13:45]} {[%emt 00:00:12]}
g4 {[%clk 01:18:46]} {[%emt 00:00:08]} 45. c5 {[%clk 01:14:07]} {[%emt
00:00:08]} Bxc5 {[%clk 01:18:55]} {[%emt 00:00:22]} 46. Kc4 {[%clk 01:14:26]}
{[%emt 00:00:10]} Bb6 {[%clk 01:19:18]} {[%emt 00:00:07]} 47. Kd5 {[%clk
01:14:41]} {[%emt 00:00:15]} g3 {[%clk 01:19:10]} {[%emt 00:00:38]} 48. Kc6
{[%clk 01:15:06]} {[%emt 00:00:05]} g2 {[%clk 01:19:25]} {[%emt 00:00:14]} 49.
Kd7 {[%clk 01:15:21]} {[%emt 00:00:16]} Kf7 {[%clk 01:19:28]} {[%emt 00:00:27]}
50. Kc6 {[%clk 01:15:36]} {[%emt 00:00:15]} g1=Q {[%clk 01:19:21]} {[%emt
00:00:37]} 51. Kb7 {[%clk 01:15:45]} {[%emt 00:00:21]} Qg2+ {[%clk 01:19:24]}
{[%emt 00:00:26]} 52. Ka6 {[%clk 01:16:04]} {[%emt 00:00:11]} Ra8# {[%clk
01:19:16]} {[%emt 00:00:39]} 0-1